نے زاویے : (Record no. 106701)

MARC details
000 -LEADER
fixed length control field 00888nam a22002537a 4500
005 - DATE AND TIME OF LATEST TRANSACTION
control field 20170123162316.0
010 ## - LIBRARY OF CONGRESS CONTROL NUMBER
LC control number A-482239
020 ## - INTERNATIONAL STANDARD BOOK NUMBER
Terms of availability 60.00
035 ## - SYSTEM CONTROL NUMBER
System control number A-482239
037 ## - SOURCE OF ACQUISITION
Source of stock number/acquisition Cen Lib/Ret
040 ## - CATALOGING SOURCE
Original cataloging agency DPL
Language of cataloging UR
082 ## - DEWEY DECIMAL CLASSIFICATION NUMBER
Classification number 840.4
Item number ر ف ع
100 ## - MAIN ENTRY--PERSONAL NAME
Personal name رفعت اختر
9 (RLIN) 114354
245 ## - TITLE STATEMENT
Title نے زاویے :
Statement of responsibility, etc رفعت اختر
Remainder of title تنقیدی مضامین /
246 ## - VARYING FORM OF TITLE
Title proper/short title Naye zawiye : tanqeedi mazamen /
Remainder of title by Rafat Akhatar
260 ## - PUBLICATION, DISTRIBUTION, ETC. (IMPRINT)
Place of publication, distribution, etc نیی دہلی
Name of publisher, distributor, etc انجمن تراققی اردو
Date of publication, distribution, etc 1971
270 ## - ADDRESS
City اردو گھر رویس انیو
Address موحمد الی روڈ
Postal code 110002
300 ## - PHYSICAL DESCRIPTION
Extent 152p.
Dimensions 21cm(Hb)
650 ## - SUBJECT ADDED ENTRY--TOPICAL TERM
Topical term or geographic name as entry element اردو ادب
9 (RLIN) 114355
650 ## - SUBJECT ADDED ENTRY--TOPICAL TERM
Topical term or geographic name as entry element اردو تنقیدی مضامین
9 (RLIN) 114356
650 ## - SUBJECT ADDED ENTRY--TOPICAL TERM
Topical term or geographic name as entry element Urdu literature
9 (RLIN) 114357
650 ## - SUBJECT ADDED ENTRY--TOPICAL TERM
Topical term or geographic name as entry element Urdu critical articles
9 (RLIN) 114358
942 ## - ADDED ENTRY ELEMENTS (KOHA)
Source of classification or shelving scheme Dewey Decimal Classification
Koha item type Urdu Bks
Classification part 840.4
Call number suffix ر ف ع
Holdings
Withdrawn status Lost status Damaged status Not for loan Home library Current library Date acquired Source of acquisition Cost, normal purchase price Total Checkouts Full call number Barcode Date last seen Copy number Cost, replacement price Price effective from Koha item type
        Central Library Central Library 28/12/2015 Cen Lib/Ret 60.00   840.4 ر ف ع A-482239 28/12/2015 1 60.00 28/12/2015 Urdu Bks
        Central Library Central Library 12/02/2016 1 18.00   840.4 ر ف ع A-281689 12/02/2016 1 18.00 15/09/2016 Urdu Bks

© Delhi Public Library
Hit Counter
free hit counter